000 00537cam a22001932 4500
001 0000001000
005 20170406113040.0
008 131122s xx 000 0 eng d
020 _c$
040 _aYour Holding Symbol
_cYour Holding Symbol
100 1 _aGorres,Friderike,Ida.
245 1 4 _aThe hidden face :
_ba face of st therese of lisieux.
250 _a ed.
260 _aLondon :
_bBurns and Oates,
_c1959.
300 _a428 p. ;
_c cm.
504 _aindex.
650 0 _atheology.
908 _a131122
999 _c919
_d919